ՀՀ Գիտությունների ազգային ակադեմիայի հիմնարար գիտական գրադարան  =   Fundamental Scientific Library of NAS RA
Normal view MARC view

Entry Personal Name

Number of records used in: 7

001 - CONTROL NUMBER

  • control field: 1187

003 - CONTROL NUMBER IDENTIFIER

  • control field: AM-YEHGA

005 - DATE AND TIME OF LATEST TRANSACTION

  • control field: 20250617070426.0

008 - FIXED-LENGTH DATA ELEMENTS

  • fixed length control field: 050114 a|ac|n|aab||||||||||||a |n|||||||

040 ## - CATALOGING SOURCE

  • Original cataloging agency: AM-YEHGA

100 1# - HEADING--PERSONAL NAME

  • Personal name: Հարությունյան, Վաչե Գևորգի,
  • Dates associated with a name: 1898-1986

400 1# - SEE FROM TRACING--PERSONAL NAME

  • Personal name: Հարությունյան, Վաչե Գևորգի,
  • Dates associated with a name: 1900-1986

400 1# - SEE FROM TRACING--PERSONAL NAME

  • Personal name: Հարությունյան, Վաչե Գևորգի,
  • Dates associated with a name: 1900-

400 1# - SEE FROM TRACING--PERSONAL NAME

  • Personal name: Հարությունյան, Վաչագան Գևորգի,
  • Dates associated with a name: 1900-1986

400 1# - SEE FROM TRACING--PERSONAL NAME

  • Personal name: Հարությունյան, Վաչե,
  • Dates associated with a name: 1900-1986

400 1# - SEE FROM TRACING--PERSONAL NAME

  • Personal name: Հարությունյան, Վաչե,
  • Dates associated with a name: 1898-1986

400 1# - SEE FROM TRACING--PERSONAL NAME

  • Personal name: Հարությունյան, Վաչագան,
  • Dates associated with a name: 1900-1986

400 1# - SEE FROM TRACING--PERSONAL NAME

  • Personal name: Арутюнян, Ваче Геворкович,
  • Dates associated with a name: 1900-1986

400 1# - SEE FROM TRACING--PERSONAL NAME

  • Personal name: Harutyunyan, Vache Gevorgi,
  • Dates associated with a name: 1900-1986

670 ## - SOURCE DATA FOUND

  • Source citation: Խաչատրյան Հ. Գրական տեղեկատու,1986 :
  • Information found: էջ 299 (Հարությունյան Վաչե (Վաչագան) Գևորգի (ծն. 4.4.1900, գ. Կոշ (այժմ՝ ՀՍՍՀ Աշտարակի շրջ.), դրամատուրգ, ՀՍՍՀ կուլտ. վաստ. գործիչ (1975), ՍՍՀՄ գրող. միութ. անդամ (19347-ից))

670 ## - SOURCE DATA FOUND

  • Source citation: Ստեփանյան. Գ. Կենսագրական բառարան (Հայ մշակույթի գործիչներ), 1981 :
  • Information found: հ. Բ (Հարությունյան Վաչե (ծն. 1898, գ. Կոշ (Էջմիածնի գավ.)) - գրող։ Դրամատուրգ։ [Երևանի] ժող. ստեղծագործ. տան 1-ին տնօրեն (1930))

670 ## - SOURCE DATA FOUND

  • Source citation: Հովակիմյան Բ.Մ. Հայոց ծածկանունների բառարան, 2005 :
  • Information found: էջ 643 (Հարությունյան Վաչե (Վաչագան) Գևորգի (23.03.1898 - 05.11.1986, Երևան) - դրամատուրգ։ Ծածկ.՝ Կոշեցի Վաչագան; Վաչե-Հար; Տեր-Գևորգյան, Վատչե; Կոշեցի)

670 ## - SOURCE DATA FOUND

  • Source citation: Տարերքից զորավորը (Պիես 2 գործող.), 1950 :
  • Information found: տիտղթ. (Վ. Հարությունյան); վերջ. (Հարությունյան Վաչե)

670 ## - SOURCE DATA FOUND

  • Source citation: Դրամաներ, 1965 :
  • Information found: տիտղթ. (Վ. Հարությունյան); վերջ. (Հարությունյան Վաչե Գևորգի)

678 ## - BIOGRAPHICAL OR HISTORICAL DATA

  • Biographical or historical data: Այս հեղինակի ծննդ. թ-ը ունի 2 տարբերակ՝ 1898 և 1900


ՀՀ ԳԱԱ հիմնարար գիտական գրադարան
ՀՀ,Երևան 0019
Մարշալ Բաղրամյան 24/6
հեռախոս:(374-10) 52-47-50
Հետադարձ կապ

All site content, except where otherwise noted, is licensed under a
Creative Commons License